000 01653nam a2200301 a 4500
003 DO-SdBNP
005 20240315194505.0
007 ta
008 210923e2018 dr abd|gr|||| 001 0dspa d
020 _a9993467219
040 _aDO-SdBNP
_bspa
_cBNPHU
082 4 _222
_a330.97293
_bD473c 2018
100 1 _aDespradel, Carlos
_d1942-
_99280
245 1 0 _a40 años de economía dominicana /
_cCarlos Despradel.
246 1 3 _aCuarenta años de economía dominicana
250 _a4a. ed. ampliada
260 _aSanto Domingo :
_bBúho,
_c2018
300 _a454 p. :
_bil., gráfcs., retrs. ;
_c23 cm
500 _aIncluye datos biográficos del autor en la contracubierta.
504 _aBibliografía : p. 453-454
505 0 _gCapítulo I.
_tLos años del despegue económico.--
_gCapítulo II.
_tLa primera crisis económica contemporánea.--
_gCapítulo III.
_tLa crisis económica del 1990 y sus consecuencias.--
_gCapítulo IV.
_tLos años de prosperidad posteriores a las reformas.--
_gCapítulo V.
_tAntecedentes de la crisis financiera del 2003.--
_gCapítulo VI.
_tExplota la crisis bancaria del 2003.--
_gReflexiones complementarias. Hacia dónde vamos.--
_tAspectos conceptuales del crecimiento dominicano.--
_tAnálisis de los diferentes periódos de los último 40 años.--
_tHacias dónde va la economía dominicana.--
_tAnexos.--
_tEpílogo.
590 _aInventariado 2021 / MF
650 4 _aCrisis financiera
_zRepública Dominicana
_961929
650 4 _aBancos
_zRepública Dominicana
_xHistoria
_926124
651 4 _aRepública Dominicana
_xPolítica económica
_xHistoria
_910018
910 _aValidado. Control de calidad MFF
942 _2ddc
_cLBS1
999 _c50647
_d50647